00384nam a2200145 a 450000100060000000300090000600800410001504000280005608200160008410000210010024500430012126000460016430000100021065000180022010202CO-ViMGA141112s2004 ck r 000 u spa d aCO-ViMGAbspacCO-ViMGA04a131.34 T17f1 aTashma, Harry S.10aLa Familia Neurotica de nuestro tiempo aBuenos Aires : bEditorial Psique, c1962 a246p.14aPSICOANALISIS